[Event "POL-ch Seniors"]
[Site "Szklarska Poreba"]
[Date "2022.05.20"]
[Round "9"]
[White "Zawierucha, Aleksander"]
[Black "Kupryjaniuk, Tomasz"]
[Result "1/2-1/2"]
[WhiteElo "1941"]
[BlackElo "1827"]
[PlyCount "59"]
[EventDate "2022.05.13"]
[EventType "swiss"]
[EventRounds "9"]
[EventCountry "POL"]
[SourceTitle "EXT 2024"]
[Source "ChessBase"]
[SourceDate "2023.10.10"]
[SourceVersion "1"]
[SourceVersionDate "2023.10.10"]
[SourceQuality "1"]

1. d4 d5 2. c4 e6 3. Nc3 a6 4. cxd5 exd5 5. Bf4 c6 6. e3 Bd6 7. Bxd6 Qxd6 8. Bd3 Ne7 9. Qc2 g6 10. Nge2 Bf5 11. Ng3 Bxd3 12. Qxd3 f5 13. h4 Nd7 14. Nge2 Nf6 15. f3 Nh5 16. 0-0-0 b5 17. g4 Ng3 18. Rh3 Nxe2+ 19. Nxe2 0-0-0 20. Kb1 Kb7 21. Rc1 Rhe8 22. Rc5 fxg4 23. fxg4 Qe6 24. Nc3 Nc8 25. a4 Nd6 26. b3 Ne4 27. Nxe4 Qxe4 28. Qxe4 Rxe4 29. axb5 axb5 30. Rg3 1/2-1/2

[Event "POL-chT 2nd League"]
[Site "Szklarska Poreba"]
[Date "2017.09.04"]
[Round "3.13"]
[White "Kokoszczynski, Jan"]
[Black "Kupryjaniuk, Tomasz"]
[Result "1-0"]
[WhiteElo "2103"]
[BlackElo "1844"]
[PlyCount "80"]
[EventDate "2017.09.02"]
[EventType "team-swiss"]
[EventRounds "9"]
[EventCountry "POL"]
[SourceTitle "CBM 180 Extra"]
[Source "ChessBase"]
[SourceDate "2017.10.06"]
[SourceVersion "1"]
[SourceVersionDate "2017.10.06"]
[SourceQuality "1"]
[WhiteTeam "Chylice Laura"]
[BlackTeam "Ostroda Ostrodzianka"]
[WhiteTeamCountry "POL"]
[BlackTeamCountry "POL"]

1. e4 Nc6 2. Nf3 f5 3. exf5 d5 4. Nh4 Nh6 5. Qh5+ Nf7 6. Bb5 Qd6 7. g3 g6 8. Qe2 g5 9. Nf3 Bxf5 10. d4 Qf6 11. Ne5 Be4 12. 0-0 Nfxe5 13. dxe5 Qg6 14. Nc3 Bxc2 15. Nxd5 0-0-0 16. Bxc6 bxc6 17. Qa6+ Kd7 18. Nb4 Be4 19. Rd1+ Ke8 20. Rxd8+ Kxd8 21. Qxa7 Qf5 22. e6 Qxe6 23. Qd4+ Ke8 24. Bxg5 Rg8 25. Re1 Rxg5 26. Qxe4 Qxe4 27. Rxe4 c5 28. Nc2 Rd5 29. Re2 Bg7 30. Ne3 Rd3 31. b3 Kd7 32. Kg2 Bd4 33. Nc4 Rd1 34. h4 e6 35. g4 Ke7 36. Ne3 Rd3 37. Nd5+ Kd7 38. Nf4 Rd1 39. Nxe6 Kd6 40. Ng5 Kd5 1-0

[Event "POL-chT 2nd League"]
[Site "Jastrzebia Gora"]
[Date "2016.09.08"]
[Round "6.76"]
[White "Kupryjaniuk, Tomasz"]
[Black "Kanarkiewicz, Michal"]
[Result "1/2-1/2"]
[WhiteElo "1819"]
[BlackElo "2016"]
[PlyCount "94"]
[EventDate "2016.09.03"]
[EventType "team-swiss"]
[EventRounds "9"]
[EventCountry "POL"]
[SourceTitle "EXT 2017"]
[Source "ChessBase"]
[SourceDate "2016.10.25"]
[SourceVersion "1"]
[SourceVersionDate "2016.10.25"]
[SourceQuality "1"]
[WhiteTeam "Ostroda Ostrodzianka"]
[BlackTeam "Debica Gryf"]
[WhiteTeamCountry "POL"]
[BlackTeamCountry "POL"]

1. e4 Nf6 2. e5 Nd5 3. c4 Nb6 4. d4 d6 5. exd6 exd6 6. Nc3 Be7 7. Bd3 Nc6 8. Be3 Bf6 9. Nge2 0-0 10. h3 Nb4 11. 0-0 Be6 12. b3 Nxd3 13. Qxd3 d5 14. c5 Nc8 15. Nf4 Ne7 16. Nxe6 fxe6 17. f4 Nf5 18. Bf2 Bh4 19. g3 Be7 20. Rae1 Qd7 21. Kh2 Rae8 22. Ne2 Bd8 23. Ng1 Ne7 24. Nf3 Nc6 25. Re2 a6 26. a3 Bf6 27. g4 g5 28. fxg5 Bg7 29. Rfe1 Rf4 30. Ne5 Nxe5 31. dxe5 Bxe5 32. Kg1 Bg7 33. Bg3 Rf7 34. g6 hxg6 35. Qxg6 Rf6 36. Qg5 Qf7 37. Be5 Rg6 38. Qh5 Bxe5 39. Rxe5 Rf8 40. Qh4 Qf4 41. Rh5 Qd4+ 42. Kh1 Qc3 43. b4 Rf3 44. Qd8+ Rf8 45. Qh4 Rf3 46. Kg2 Rf8 47. Kh1 Rf3 1/2-1/2

[Event "POL-chT 2nd League"]
[Site "Jastrzebia Gora"]
[Date "2016.09.07"]
[Round "5.58"]
[White "Bielawski, Michal"]
[Black "Kupryjaniuk, Tomasz"]
[Result "1/2-1/2"]
[WhiteElo "2021"]
[BlackElo "1819"]
[PlyCount "65"]
[EventDate "2016.09.03"]
[EventType "team-swiss"]
[EventRounds "9"]
[EventCountry "POL"]
[SourceTitle "EXT 2017"]
[Source "ChessBase"]
[SourceDate "2016.10.25"]
[SourceVersion "1"]
[SourceVersionDate "2016.10.25"]
[SourceQuality "1"]
[WhiteTeam "Stara Wies Parnas"]
[BlackTeam "Ostroda Ostrodzianka"]
[WhiteTeamCountry "POL"]
[BlackTeamCountry "POL"]

1. d4 d5 2. Nf3 Nf6 3. c4 c6 4. Nc3 a6 5. e3 b5 6. cxd5 cxd5 7. Bd3 e6 8. 0-0 Nbd7 9. e4 b4 10. e5 bxc3 11. exf6 cxb2 12. fxg7 Bxg7 13. Bxb2 0-0 14. Ne5 f5 15. Ba3 Re8 16. Re1 Nxe5 17. dxe5 Bf8 18. Bxf8 Rxf8 19. Rb1 Qc7 20. Re3 Bd7 21. g4 Bb5 22. gxf5 Bxd3 23. Qxd3 Rxf5 24. Rbe1 Qf7 25. R1e2 Kh8 26. Rg3 Rf8 27. Qd4 Rf4 28. Qb2 a5 29. Qb6 a4 30. Rc2 Qf5 31. Qc7 Rg4 32. Rb2 Rxg3+ 33. hxg3 1/2-1/2